Loading...
| BB | 0 | 9 | 2 | 4 | 80 | 85 | 111.22 | 1 | 4 | 0.00 | 0.00 |
| TR | 2 | 1 | 0 | 1 | 40 | 25 | 66.00 | 0 | 3 | 0.00 | 0.00 |
| RR | 1 | 2 | 0 | 0 | 35 | 36 | 65.00 | 1 | 2 | 0.00 | 0.00 |
| MB | 0 | 2 | 0 | 1 | 20 | 73 | 100.50 | 0 | 1 | 0.00 | 0.00 |
| DM | 1 | 0 | 0 | 0 | 15 | 62 | 62.00 | 1 | 1 | 0.00 | 0.00 |
| AR | 1 | 0 | 0 | 0 | 15 | 66 | 66.00 | 0 | 1 | 0.00 | 0.00 |
| AG | 0 | 1 | 1 | 0 | 5 | 90 | 90.00 | 0 | 0 | 0.00 | 0.00 |
| TR | South Dakota | 15 | 25 |
| RR | internet service | 15 | 36 |
| TR | Sam Bankman-Fried | 15 | 43 |
| BB | d'Alembertian | -5 | 61 |
| DM | routing | 15 | 62 |
| RR | open | 10 | 66 |
| AR | flip-flops | 15 | 66 |
| MB | nembutsu | 10 | 73 |
| BB | magnetic field strength | 10 | 85 |
| BB | atmospheric aerosols | 10 | 87 |